Naturkatastrophe als untrennbarer Bestandteil von Versicherung- und Rückversicherungsmarktes
Enregistré dans:
| Auteur principal: | |
|---|---|
| Autres auteurs: | , |
| Format: | Chapitre de livre |
| Langue: | allemand |
| Tags: |
Pas de tags, Soyez le premier à ajouter un tag!
|
MARC
| LEADER | 00000naa$a2200000$$$4500 | ||
|---|---|---|---|
| 001 | 0061347 | ||
| 005 | 20240502083147.1 | ||
| 041 | 0 | |a ger | |
| 044 | |a PL | ||
| 245 | 1 | 0 | |a Naturkatastrophe als untrennbarer Bestandteil von Versicherung- und Rückversicherungsmarktes |c Stanislava Veselovská, Erika Pastoráková, Miroslav Maťavka |
| 100 | 1 | |a Veselovská, Stanislava, 1957- | |
| 700 | 1 | |a Pastoráková, Erika, 1972- | |
| 700 | 1 | |a Maťavka, Miroslav | |